An algorithmic theory of numbers, graphs and convexity /

Guardado en:
Autor Principal: Lovász, László, 1948-
Formato: Libro
Idioma:English
Publicado: Philadelphia, Pa. : Society for Industrial and Applied Mathematics, 1986.
Series:CBMS-NSF regional conference series in applied mathematics ; 50
Materias:
Etiquetas: Agregar Etiqueta
Sin Etiquetas, Sea el primero en etiquetar este registro!
LEADER 00864cam a2200241 a 4500
001 MAT.inmabb004072
008 860520s1986####pau######b####000#0#eng##
005 20130304165514.0
245 1 3 |a An algorithmic theory of numbers, graphs and convexity /  |c László Lovász. 
260 |a Philadelphia, Pa. :  |b Society for Industrial and Applied Mathematics,  |c 1986. 
300 |a iii, 91 p. ;  |c 26 cm. 
440 0 |a CBMS-NSF regional conference series in applied mathematics ;  |v 50 
504 |a Bibliografía: p. 87-91. 
510 4 |a MR,  |c 87m:68066 
020 |a 0898712033 (pbk.) 
100 1 |a Lovász, László,  |d 1948- 
650 0 |a Number theory. 
650 0 |a Graph theory. 
650 0 |a Convex domains. 
084 |a 68R10 (05C35 11Yxx 52-04 68Q25 68R05 90C10 90C27)  |2 msc2000 
010 |a  86061532  
040 |a DLC  |c DLC  |d DLC 
859 |h 68  |i L896  |p A-6530  |b BIB. MATEMATICA